Normal view
MARC view
- Napoleonic Wars, 1800-1815
Entry Topical Term
001 - CONTROL NUMBER
- control field: 50026
003 - CONTROL NUMBER IDENTIFIER
- control field: NUST
005 - DATE AND TIME OF LATEST TRANSACTION
- control field: 20210314134517.0
008 - FIXED-LENGTH DATA ELEMENTS
- fixed length control field: 210314|| aca||aabn | a|a d
040 ## - CATALOGING SOURCE
- Original cataloging agency: NUST
- Transcribing agency: NUST
150 ## - HEADING--TOPICAL TERM
- Topical term or geographic name entry element: Napoleonic Wars, 1800-1815
- General subdivision: Campaigns
- Geographic subdivision: Germany
- Geographic subdivision: Prussia
670 ## - SOURCE DATA FOUND
- Source citation: Work cat.: (NUST): Petre, F. Loraine 50025, Napoleon's conquest of Prussia - 1806., 1907.
